River Etymologies: Europe I Quiz Stats

 Plays Quiz not verified by Sporcle

Score 0/20 Timer 07:00
0 Plays Today
% Correct
Germany, Austria, Switzerland, France, Netherlands, Liechtenstein: Rhine
92.1%
Estonia: Emajõgi
75.6%
Ireland: Awbeg
61.6%
Ireland: Shannon:
58.3%
Sweden, Finland: Torne älv
57.9%
Ireland: Boyne
56.6%
UK: Clwyd:
52.1%
Romania, Serbia: Caraş
50.4%
Italy, Austria, Slovenia, Croatia, Hungary: Drave
50.4%
Romania: Argeș
42.1%
% Correct
Ireland, UK: Foyle
40.1%
UK: Severn
34.3%
UK: Wear
32.6%
UK: Don
30.6%
UK: Avon
28.9%
UK: Thames
25.6%
UK: Mersey
24%
UK: Hayle
19.8%
UK: Cam
16.9%
UK: Lagan
12%

You're not logged in!

Compare scores with friends on all Sporcle quizzes.
OR
Log In

Sporcle TV

Today on Sporcle TV


Watch our educational content, quiz creation guides, and fun videos on Sporcle TV.

Show Comments

Extras

Top Quizzes Today


Score Distribution

Your Account Isn't Verified!

In order to create a playlist on Sporcle, you need to verify the email address you used during registration. Go to your Sporcle Settings to finish the process.

Report this User

Report this user for behavior that violates our Community Guidelines.

Details: